<?xml version="1.0" encoding="UTF-8"?>
<record
    xmlns:xsi="http://www.w3.org/2001/XMLSchema-instance"
    xsi:schemaLocation="http://www.loc.gov/MARC21/slim http://www.loc.gov/standards/marcxml/schema/MARC21slim.xsd"
    xmlns="http://www.loc.gov/MARC21/slim">

  <leader>01491nam a22003017a 4500</leader>
  <controlfield tag="003">NALT</controlfield>
  <controlfield tag="005">20210917114902.0</controlfield>
  <controlfield tag="008">170526b        th ||||| |||| 00| 0 tha d</controlfield>
  <datafield tag="020" ind1=" " ind2=" ">
    <subfield code="a">9786162007279</subfield>
  </datafield>
  <datafield tag="040" ind1=" " ind2=" ">
    <subfield code="a">NALT</subfield>
  </datafield>
  <datafield tag="041" ind1="1" ind2=" ">
    <subfield code="a">tha</subfield>
    <subfield code="h">eng</subfield>
  </datafield>
  <datafield tag="050" ind1=" " ind2=" ">
    <subfield code="a">HC 79.H53</subfield>
    <subfield code="b">&#xE08;287 2559</subfield>
  </datafield>
  <datafield tag="100" ind1="1" ind2=" ">
    <subfield code="a">&#xE40;&#xE21;&#xE2A;&#xE31;&#xE19;, &#xE40;&#xE2E;&#xE19;&#xE23;&#xE35;&#xE48;</subfield>
    <subfield code="9">52140</subfield>
  </datafield>
  <datafield tag="245" ind1="1" ind2="0">
    <subfield code="a">&#xE08;&#xE31;&#xE1A;&#xE40;&#xE2D;&#xE32;&#xE40;&#xE17;&#xE23;&#xE19;&#xE14;&#xE4C;&#xE21;&#xE32;&#xE2A;&#xE23;&#xE49;&#xE32;&#xE07;&#xE40;&#xE1B;&#xE47;&#xE19;&#xE19;&#xE27;&#xE31;&#xE15;&#xE01;&#xE23;&#xE23;&#xE21; : </subfield>
    <subfield code="b">Trend-driven innovation /</subfield>
    <subfield code="c">&#xE40;&#xE2E;&#xE19;&#xE23;&#xE35;&#xE48; &#xE40;&#xE21;&#xE2A;&#xE31;&#xE19;... [&#xE41;&#xE25;&#xE30;&#xE04;&#xE19;&#xE2D;&#xE37;&#xE48;&#xE19; &#xE46;] ; &#xE2D;&#xE2D;&#xE01;&#xE41;&#xE1A;&#xE1A;&#xE42;&#xE14;&#xE22; &#xE21;&#xE32;&#xE40;&#xE23;&#xE35;&#xE22; &#xE2D;&#xE34;&#xE0B;&#xE32;&#xE40;&#xE1A;&#xE25; &#xE40;&#xE23;&#xE40;&#xE22;&#xE2A; ; &#xE08;&#xE38;&#xE15;&#xE34;&#xE1E;&#xE07;&#xE28;&#xE4C; &#xE20;&#xE39;&#xE2A;&#xE38;&#xE21;&#xE32;&#xE28;, &#xE41;&#xE1B;&#xE25;.</subfield>
  </datafield>
  <datafield tag="246" ind1="3" ind2="1">
    <subfield code="a">Trend-driven innovation.</subfield>
  </datafield>
  <datafield tag="246" ind1="1" ind2="8">
    <subfield code="a">Trend-driven innovation : </subfield>
    <subfield code="b">&#xE08;&#xE31;&#xE1A;&#xE40;&#xE2D;&#xE32;&#xE40;&#xE17;&#xE23;&#xE19;&#xE14;&#xE4C;&#xE21;&#xE32;&#xE2A;&#xE23;&#xE49;&#xE32;&#xE07;&#xE40;&#xE1B;&#xE47;&#xE19;&#xE19;&#xE27;&#xE31;&#xE15;&#xE01;&#xE23;&#xE23;&#xE21;.</subfield>
  </datafield>
  <datafield tag="250" ind1=" " ind2=" ">
    <subfield code="a">&#xE1E;&#xE34;&#xE21;&#xE1E;&#xE4C;&#xE04;&#xE23;&#xE31;&#xE49;&#xE07;&#xE17;&#xE35;&#xE48; 1</subfield>
  </datafield>
  <datafield tag="260" ind1=" " ind2=" ">
    <subfield code="a">&#xE19;&#xE19;&#xE17;&#xE1A;&#xE38;&#xE23;&#xE35; :</subfield>
    <subfield code="b">&#xE44;&#xE2D;&#xE14;&#xE35;&#xE0B;&#xE35; &#xE1E;&#xE23;&#xE35;&#xE40;&#xE21;&#xE35;&#xE22;&#xE23;&#xE4C;,</subfield>
    <subfield code="c">2559.</subfield>
  </datafield>
  <datafield tag="300" ind1=" " ind2=" ">
    <subfield code="a">338 &#xE2B;&#xE19;&#xE49;&#xE32; :</subfield>
    <subfield code="b">&#xE20;&#xE32;&#xE1E;&#xE1B;&#xE23;&#xE30;&#xE01;&#xE2D;&#xE1A; ;</subfield>
    <subfield code="c">21 &#xE0B;&#xE21;.</subfield>
  </datafield>
  <datafield tag="650" ind1=" " ind2="4">
    <subfield code="a">&#xE01;&#xE32;&#xE23;&#xE15;&#xE25;&#xE32;&#xE14;</subfield>
    <subfield code="9">5887</subfield>
  </datafield>
  <datafield tag="650" ind1=" " ind2="4">
    <subfield code="a">&#xE2D;&#xE38;&#xE15;&#xE2A;&#xE32;&#xE2B;&#xE01;&#xE23;&#xE23;&#xE21;&#xE40;&#xE17;&#xE04;&#xE42;&#xE19;&#xE42;&#xE25;&#xE22;&#xE35;</subfield>
    <subfield code="9">52141</subfield>
  </datafield>
  <datafield tag="700" ind1="1" ind2=" ">
    <subfield code="a">Mason, Henry</subfield>
    <subfield code="9">52144</subfield>
  </datafield>
  <datafield tag="700" ind1="1" ind2=" ">
    <subfield code="a">&#xE40;&#xE23;&#xE40;&#xE22;&#xE2A;, &#xE21;&#xE32;&#xE40;&#xE23;&#xE35;&#xE22; &#xE2D;&#xE34;&#xE0B;&#xE32;&#xE40;&#xE1A;&#xE25;</subfield>
    <subfield code="9">52145</subfield>
  </datafield>
  <datafield tag="700" ind1="0" ind2=" ">
    <subfield code="a">&#xE08;&#xE38;&#xE15;&#xE34;&#xE1E;&#xE07;&#xE28;&#xE4C; &#xE20;&#xE39;&#xE2A;&#xE38;&#xE21;&#xE32;&#xE28;</subfield>
    <subfield code="9">24837</subfield>
  </datafield>
  <datafield tag="850" ind1=" " ind2=" ">
    <subfield code="a">NALT</subfield>
  </datafield>
  <datafield tag="942" ind1=" " ind2=" ">
    <subfield code="2">lcc</subfield>
    <subfield code="c">GB</subfield>
  </datafield>
  <datafield tag="998" ind1=" " ind2=" ">
    <subfield code="c">phon</subfield>
    <subfield code="a">phon</subfield>
    <subfield code="b">phon</subfield>
    <subfield code="j">104</subfield>
    <subfield code="k"> &#xE2A;&#xE32;&#xE22;&#xE1D;&#xE19; &#xE14;&#xE35;&#xE07;&#xE32;&#xE21;</subfield>
  </datafield>
  <datafield tag="999" ind1=" " ind2=" ">
    <subfield code="c">92466</subfield>
    <subfield code="d">92466</subfield>
  </datafield>
  <datafield tag="952" ind1=" " ind2=" ">
    <subfield code="0">0</subfield>
    <subfield code="1">0</subfield>
    <subfield code="2">lcc</subfield>
    <subfield code="4">0</subfield>
    <subfield code="7">0</subfield>
    <subfield code="8">CGBL</subfield>
    <subfield code="a">NALT</subfield>
    <subfield code="b">NALT</subfield>
    <subfield code="d">2017-05-26</subfield>
    <subfield code="l">0</subfield>
    <subfield code="o">HC 79.H53 &#xE08;287 2559</subfield>
    <subfield code="p">3961206288</subfield>
    <subfield code="r">2017-06-14 00:00:00</subfield>
    <subfield code="w">2017-05-26</subfield>
    <subfield code="y">GB</subfield>
  </datafield>
</record>
